<?xml version="1.0" encoding="UTF-8"?><?xml-stylesheet type="text/xsl" href="static/style.xsl"?><OAI-PMH xmlns="http://www.openarchives.org/OAI/2.0/" xmlns:xsi="http://www.w3.org/2001/XMLSchema-instance" xsi:schemaLocation="http://www.openarchives.org/OAI/2.0/ http://www.openarchives.org/OAI/2.0/OAI-PMH.xsd"><responseDate>2026-04-17T05:41:58Z</responseDate><request verb="GetRecord" identifier="oai:www.recercat.cat:2445/221149" metadataPrefix="marc">https://recercat.cat/oai/request</request><GetRecord><record><header><identifier>oai:recercat.cat:2445/221149</identifier><datestamp>2025-12-04T22:29:17Z</datestamp><setSpec>com_2072_1057</setSpec><setSpec>col_2072_478917</setSpec><setSpec>col_2072_478931</setSpec></header><metadata><record xmlns="http://www.loc.gov/MARC21/slim" xmlns:dcterms="http://purl.org/dc/terms/" xmlns:xsi="http://www.w3.org/2001/XMLSchema-instance" xmlns:doc="http://www.lyncode.com/xoai" xsi:schemaLocation="http://www.loc.gov/MARC21/slim http://www.loc.gov/standards/marcxml/schema/MARC21slim.xsd">
   <leader>00925njm 22002777a 4500</leader>
   <datafield ind2=" " ind1=" " tag="042">
      <subfield code="a">dc</subfield>
   </datafield>
   <datafield ind2=" " ind1=" " tag="720">
      <subfield code="a">Aparicio-Terrés, Raquel</subfield>
      <subfield code="e">author</subfield>
   </datafield>
   <datafield ind2=" " ind1=" " tag="720">
      <subfield code="a">Escera i Micó, Carles</subfield>
      <subfield code="e">author</subfield>
   </datafield>
   <datafield ind2=" " ind1=" " tag="260">
      <subfield code="c">2025-05-21T07:29:04Z</subfield>
   </datafield>
   <datafield ind2=" " ind1=" " tag="260">
      <subfield code="c">2025-10-01T05:10:20Z</subfield>
   </datafield>
   <datafield ind2=" " ind1=" " tag="260">
      <subfield code="c">2024-10</subfield>
   </datafield>
   <datafield ind2=" " ind1=" " tag="520">
      <subfield code="a">Music is present in all human societies and has long been related to rituals. Our definition of ritual follows Nicholas M. Hobson and includes predetermined behavioural sequences that are rigid, formal and repetitive, with elements that have no clear instrumental purpose and are part of a broader system of symbolism and meaning. There are sacred and not sacred rituals. Despite the connection between ritual and music, the examination of music in ritual contexts has been neglected in most scientific disciplines related to neuroscience and psychology. In this article, we review studies on the cognitive effects of present-day ritualistic music. By emphasising the methodological characteristics of these studies, we propose several considerations for future scientific investigations on the topic. Specifically, we observe that the function of music in modern rituals may be reduced to modulating emotions during the event and/or inducing alterations in the participants’ mental states. Based on this observation, we suggest a series of target cognitive and physiological measures to lead future research on the subject. Also, we suggest ways in which brain activity can be measured and analysed in response to different ritualistic musical stimuli. We argue that exploring how music in present-day ritualistic contexts affects brain activity, cognition, behaviour, and physiology will deepen our understanding of ancient ritual activity.</subfield>
   </datafield>
   <datafield tag="653" ind2=" " ind1=" ">
      <subfield code="a">Neurociències</subfield>
   </datafield>
   <datafield tag="653" ind2=" " ind1=" ">
      <subfield code="a">Emocions</subfield>
   </datafield>
   <datafield tag="653" ind2=" " ind1=" ">
      <subfield code="a">Ritus i cerimònies</subfield>
   </datafield>
   <datafield tag="653" ind2=" " ind1=" ">
      <subfield code="a">Neurosciences</subfield>
   </datafield>
   <datafield tag="653" ind2=" " ind1=" ">
      <subfield code="a">Emotions</subfield>
   </datafield>
   <datafield tag="653" ind2=" " ind1=" ">
      <subfield code="a">Rites and ceremonies</subfield>
   </datafield>
   <datafield ind2="0" ind1="0" tag="245">
      <subfield code="a">Methodologies to explore the cognitive effects of music in rituals: Implications for studying ancient ritual activities</subfield>
   </datafield>
</record></metadata></record></GetRecord></OAI-PMH>